000 00378nam a22001457a 4500
999 _c15621
_d15621
003 OSt
008 190521b ||||| |||| 00| 0 eng d
020 _a9788170359227
082 _a020
_bRAJ/HA
100 _aRajkumar, Singh
_94108
245 _aHandbook of Library and Information Services
260 _aNew Delhi
_bDaya Publishing House
_c2014
300 _a279 p.
942 _cBK